000 00450nam a2200181Ia 4500
003 GCL
008 140319s9999 xx 000 0 eng d
040 _aGCL /
_cGCL
082 0 4 _a796.64
_bB R
100 1 _aBALLANTUNE, R M
245 1 0 _aRICHARDS' ULTIMATE BICYLE BOOK /
_cBALLANTUNE, R M
260 _a[S.N] :
_bDORLING KINDERSLEY ،
_c1992
300 _a192 P
650 0 4 _aRACING
650 0 4 _aBICYCLE
650 0 4 _aENGINE
942 _2ddc
_cBK
999 _c19176
_d19176